000
00308nam a22001337a 4500
082
_a
891.4393
100
_a
Altamash
245
_a
Dastaan eman faroshon ki part 2 3
260
_a
Lahore,
_b
Ilm o irfan publishers
_c
2011.
300
_a
512p. :
650
_a
Urdu literature
700
_a
Altamash
942
_c
BK
999
_c
11495
_d
11495